HISTORIA SOCIAL Y ECONOMICA DEL IMPERIO ROMANO

Kaydedildi:
Detaylı Bibliyografya
Yazar: Rostovtzeff, Michael Ivanovitch (autor)
Materyal Türü: Kitap
Etiketler: Etiketle
Etiket eklenmemiş, İlk siz ekleyin!

MARC

LEADER 00000nam^a2200000^a^4500
001 000211907
005 20250521000000.0
009 20260310103437.331
035 |a 021482 
037 |a Acervo Xavier Clavigero 
082 |a 360. 7  |b ROS 
100 |a Rostovtzeff, Michael Ivanovitch  |e (autor) 
245 1 0 |a HISTORIA SOCIAL Y ECONOMICA DEL IMPERIO ROMANO 
264 |a MADRID :  |b ESPASA-CALPE, S.A.,  |c 1937 
336 |a texto  |b txt  |2 rdacontenido 
337 |a sin mediación  |b n  |2 rdamedio 
338 |a volumen  |b nc  |2 rdasoporte 
649 |a XX 
910 |a Fondo General 
920 |a Impresos - Libros 
930 |a Colección General 
905 |a 101 
901 |a 021482  |b IT1  |c ACC  |i 021482  |u 20250521 
901 |a 021481  |b IT1  |c ACC  |i 021481  |u 20250521 
902 |a https://opac.biblio.iteso.mx/vufind/Record/000211907